El final de las vanguardias

Uloženo v:
Podrobná bibliografie
Hlavní autor: Subirats, Eduardo (autor)
Médium: Kniha
Jazyk:španělština
Vydáno: Barcelona Anthropos 1989
Edice:Palabra Plástica, 13
Témata:
Tagy: Přidat tag
Žádné tagy, Buďte první, kdo vytvoří štítek k tomuto záznamu!

MARC

LEADER 00000nam a2200000 a 4500
001 UCX8948
003 CL-VaPUC
008 940509e19890000SP |||||||||||||||||spa|d
082 0 4 |a 709.04  |b SUB  |2 21 
100 |a Subirats, Eduardo  |e autor  |9 326194 
245 1 3 |a El final de las vanguardias 
300 |a 187 p 
942 |c BK 
945 |d 19940509 00:00:00  |a oaravena 
260 |a Barcelona  |b Anthropos  |c 1989 
650 7 |a MODERNISMO ARTE  |2 CL-VaPUC  |9 265311 
650 0 |a Movimiento de Vanguardia  |x Arte  |x Historia  |y Siglo 20  |9 326195 
650 0 |a Postmodernismo  |9 268655 
583 |a last modification  |c 19940509 00:00:00  |k Rodrigo Vera 
490 0 |a Palabra Plástica, 13 
999 |c 228311  |d 228309 
952 |0 0  |1 0  |4 0  |6 709_040000000000000_SUB_1989  |7 0  |8 R  |9 228247  |a BIBART  |b BIBART  |d 2019-11-15  |i 3073386  |o 709.04 SUB 1989  |p 3073386  |r 2025-03-13  |w 2019-11-15  |y BK_R  |k ART